A history of surgery
This book provides a fascinating and interesting introduction to the subject for anyone with an interest in it. It illustrates some of the key advances in surgery from primitive techniques such as trepanning, through some of the gruesome but occasionally successful methods employed by the ancient ci...
Αποθηκεύτηκε σε:
| Κύριος συγγραφέας: | |
|---|---|
| Μορφή: | Βιβλίο |
| Γλώσσα: | Undetermined |
| Έκδοση: |
London
Greenwich Medical Media
2001
|
| Θέματα: | |
| Ετικέτες: |
Προσθήκη ετικέτας
Δεν υπάρχουν, Καταχωρήστε ετικέτα πρώτοι!
|
| Thư viện lưu trữ: | Trung tâm Học liệu Trường Đại học Cần Thơ |
|---|
| LEADER | 01099nam a2200229Ia 4500 | ||
|---|---|---|---|
| 001 | CTU_167573 | ||
| 008 | 210402s9999 xx 000 0 und d | ||
| 020 | |c 75 | ||
| 082 | |a 617.09 | ||
| 082 | |b E47 | ||
| 100 | |a Ellis, Harold | ||
| 245 | 2 | |a A history of surgery | |
| 245 | 0 | |c Harold Ellis | |
| 260 | |a London | ||
| 260 | |b Greenwich Medical Media | ||
| 260 | |c 2001 | ||
| 520 | |a This book provides a fascinating and interesting introduction to the subject for anyone with an interest in it. It illustrates some of the key advances in surgery from primitive techniques such as trepanning, through some of the gruesome but occasionally successful methods employed by the ancient civilisations, the increasingly sophisticated techniques of the Greeks and Romans, the advances of the Dark Ages and the Renaissance and on to the early pioneers of anaesthesia and antisepsis such as Morton, Lister and Pasteur. | ||
| 650 | |a Surgery,Phẫu thuật | ||
| 650 | |x Lịch sử | ||
| 650 | |z History | ||
| 904 | |i Trọng Hiếu | ||
| 980 | |a Trung tâm Học liệu Trường Đại học Cần Thơ | ||